68000 Microcomputer systems : Designing and troublehooting /

Gespeichert in:
Bibliographische Detailangaben
1. Verfasser: Wilcox, Alan D (Verfasst von)
Format: Buch
Sprache:Englisch
Veröffentlicht: Englewood Cliffs : Prentice Hall, 1987
Tags: Tag hinzufügen
Keine Tags, Fügen Sie das erste Tag hinzu!

MARC

LEADER 00000nam a22000003a 4500
001 stu8804
005 20150617225807.1
008 960423s1987----xxu-----------------eng-d
040 |a STU  |b slo 
041 0 |a eng 
044 |a xxu 
080 |a 681.326-181.4 
080 |a 681.326.34 
100 1 |a Wilcox, Alan D  |4 aut 
245 1 |a 68000 Microcomputer systems :  |b Designing and troublehooting /  |c [aut.] Wilcox,Alan D 
260 |a Englewood Cliffs :  |b Prentice Hall,  |c 1987 
300 |a 579 s 
996 |b 284IK06522  |c I*2HS3567  |l I  |s A  |a 24  |w stu8804_0001